Statistiken für Lieder anhand des ersten Verses - 60er

Klicken Sie hier um das Quiz zu spielen!

Allgemein

  • Dieses Quiz wurde 72 mal gespielt
  • Das Durchschnittsergebnis liegt bei 3 aus 10

Antwortstatistiken

HintAntwort% Korrekt
Hello darkness, my old friendSimon & Garfunkel - The Sound Of Silence
91%
All the leaves are brownThe Mamas And The Papas - California Dreamin'
53%
Eine Reise in den SüdenCornelia Froboess - Zwei Kleine Italiener
24%
I've got sunshine on a cloudy dayThe Temptations - My Girl
20%
You keep sayin', you'vegot somethin' for meNancy Sinatra - These Boots Are Made For Walking
17%
Please allow me to introduce myselfThe Rolling Stones - Sympathy For The Devil
17%
We skipped the light fandangoProcul Harum - A Whiter Shade Of Pale
14%
Get your motor runnin'Steppenwolf - Born To Be Wild
14%
Oh, sometimes I get a good feeling, yeahEtta James - Something's Got A Hold On Me
3%
Hey, where did we go?Van Morrison - Brown Eyed Girl
3%

Verteilung der Resultate

Perzentil nach korrekt beantworteten Fragen

Anzahl Personen mit jedem Resultat

Ihre Resultats-Entwicklung

Sie haben dieses Quiz noch nicht gespielt